Inclusive design (Record no. 105785)

MARC details
000 -LEADER
fixed length control field 01504cad a22002535a 4500
001 - CONTROL NUMBER
control field ##E134708
008 - FIXED-LENGTH DATA ELEMENTS--GENERAL INFORMATION
fixed length control field 010928s2006 xxk f s000 0 eng u
020 ## - INTERNATIONAL STANDARD BOOK NUMBER
International Standard Book Number 0755950046
035 ## - SYSTEM CONTROL NUMBER
System control number (Sirsi) u134708
041 0# - LANGUAGE CODE
Language code of text/sound track or separate title eng
050 04 - LIBRARY OF CONGRESS CALL NUMBER
Classification number 711.1
110 2# - MAIN ENTRY--CORPORATE NAME
Corporate name or jurisdiction name as entry element Scottish Executive Development Department
9 (RLIN) 3786
245 00 - TITLE STATEMENT
Title Inclusive design
Remainder of title PAN 78
Medium [electronic resource]
260 ## - PUBLICATION, DISTRIBUTION, ETC.
Place of publication, distribution, etc. Edinburgh
Name of publisher, distributor, etc. Scottish Executive Development Department
Date of publication, distribution, etc. 2006
300 ## - PHYSICAL DESCRIPTION
Extent 20p.
Other physical details ill.
Dimensions 30cm.
490 #0 - SERIES STATEMENT
Series statement Planning Advice Note
Volume/sequential designation (78)
520 ## - SUMMARY, ETC.
Summary, etc. Looks at how to improve the design of places so that they can be used by everyone - regardless of age, gender or disability. Supports the Executive's aim of promoting more equality in areas where we live and work. Inclusive design seeks to provide an environment which addresses varying needs, to help break down barriers and remove exclusion. Relevant to those involved in the development process and who have the opportunity to create and maintain inclusive environments including building owners, developers, design professionals, local authority officers, access panels and building occupiers.
651 #4 - SUBJECT ADDED ENTRY--GEOGRAPHIC NAME
Geographic name Scotland
Chronological subdivision 1999-
690 ## - LOCAL SUBJECT ADDED ENTRY--TOPICAL TERM (OCLC, RLIN)
Topical term or geographic name as entry element MANAGEMENT-BUSINESS MANAGEMENT-DISCRIMINATION
690 ## - LOCAL SUBJECT ADDED ENTRY--TOPICAL TERM (OCLC, RLIN)
Topical term or geographic name as entry element BUILT ENVIRONMENT-CONSTRUCTION DESIGN-ARCHITECTURAL DESIGN
710 2# - ADDED ENTRY--CORPORATE NAME
Corporate name or jurisdiction name as entry element Scottish Building Standards Agency
9 (RLIN) 4655
856 41 - ELECTRONIC LOCATION AND ACCESS
Uniform Resource Identifier <a href="https://www.scotland.gov.uk/Publications/2006/03/07164427/0">https://www.scotland.gov.uk/Publications/2006/03/07164427/0</a>
Public note View the guidance free of charge at www.scotland.gov.uk
942 ## - ADDED ENTRY ELEMENTS (KOHA)
Suppress in OPAC 0
Holdings
Withdrawn status Lost status Source of classification or shelving scheme Damaged status Not for loan Home library Current library Shelving location Date acquired Total Checkouts Full call number Barcode Date last seen Copy number Price effective from Koha item type
    Dewey Decimal Classification     Virtual Virtual Online 04/03/2010   ONLINE PUBLICATION 134708-2001 06/08/2019 1 06/08/2019 Book